UM Logo
Normal view MARC view
  • Carswell, Kathleen L.

Entry Personal Name

Number of records used in: 1

001 - CONTROL NUMBER

  • control field: 58848

003 - CONTROL NUMBER IDENTIFIER

  • control field: OSt

005 - DATE AND TIME OF LATEST TRANSACTION

  • control field: 20240822103639.0

008 - FIXED-LENGTH DATA ELEMENTS

  • fixed length control field: 240822|| aca||aabn | a|a d

040 ## - CATALOGING SOURCE

  • Original cataloging agency: OSt
  • Transcribing agency: OSt

100 ## - HEADING--PERSONAL NAME

  • Personal name: Carswell, Kathleen L.
  • Relator term: author.

670 ## - SOURCE DATA FOUND

  • Source citation: Work cat.: (OSt): Carswell, Kathleen L. author., Creativity and romantic passion /, June 2019.